| 000 | 00517nam a2200145 a 4500 | ||
|---|---|---|---|
| 008 | 120416s1974 ||||||||||||||||| || u | ||
| 050 | _aHF 5657 Ark | ||
| 100 | _aArkin, Herbert | ||
| 245 | 1 | 0 | _aHandbook of sampling for auditing and accounting |
| 250 | _a2nd ed. | ||
| 260 |
_aNew York _bMcGraw-Hill _c1974 |
||
| 300 | _axiii, 510p. : ill. | ||
| 350 | _a0.00 | ||
| 995 |
_D0.00 _FCBU-MAIN LIBRARY (Kitwe) _H1 _I0.00 _M1 _UAVAILABLE _ZAnnex Low-Usage Collection |
||
| 999 |
_c45323 _d45323 |
||